Lostwood National Wildlife Refuge : comprehensive conservation plan /

Bibliographic Details
Corporate Author: U.S. Fish and Wildlife Service
Format: Government Document Book
Language:English
Published: Kenmare, ND (8315 Highway 8, Kenmare 58746) : The Service, [1998]
Subjects:
Online Access:Adobe Acrobat Reader required
Adobe Acrobat Reader required

MARC

Tag First Indicator Second Indicator Subfields
LEADER 00000cam a2200000 a 4500
001 in00000002316
008 990420s1998 nduab f000 0 eng d
005 20230309222527.7
010 |a  99205926  
019 |a 46980181 
035 |a (OCoLC)ocm41212338 
035 |9 AJF4091AM 
035 |a in00000002316 
040 |a FM  |c DLC  |d DZM  |d GPO  |d CUY  |d UXW  |d GPO  |d MvI  |d UtOrBLW 
042 |a lccopycat 
043 |a n-us-nd 
049 |a UDOC 
049 |a WWW 
050 0 0 |a QL84.22.N6  |b L67 1998 
074 |a 0612-C 
074 |a 0612-C (online) 
082 0 0 |a 333.95/416/0978472  |2 21 
086 0 |a I 49.44/2:L 89/998 
245 0 0 |a Lostwood National Wildlife Refuge :  |b comprehensive conservation plan /  |c prepared by U.S. Fish and Wildlife Service, Lostwood National Wildlife Refuge. 
264 1 |a Kenmare, ND (8315 Highway 8, Kenmare 58746) :  |b The Service,  |c [1998] 
300 |a ii, 84 pages :  |b color illustrations, color maps ;  |c 28 cm. 
336 |a text  |b txt  |2 rdacontent 
337 |a unmediated  |b n  |2 rdamedia 
338 |a volume  |b nc  |2 rdacarrier 
500 |a "December 1998." 
500 |a Shipping list number: 99-0163-P. 
504 |a Includes bibliographical references (pages 49-52). 
530 |a Also available via Internet from the FWS web site. Addresses as of 6/24/03: http://training.fws.gov/library/CCPs/lostwood%5Ffinal.pdf (text), http://training.fws.gov/library/CCPs/lostwood%5Ffinalmaps.pdf (maps); current access is available via PURLs. 
651 0 |a Lostwood National Wildlife Refuge (N.D.) 
650 0 |a Wildlife refuges  |z North Dakota. 
710 2 |a U.S. Fish and Wildlife Service. 
856 4 2 |3 Text:  |u https://purl.fdlp.gov/GPO/LPS32691  |z Adobe Acrobat Reader required  |t 0 
856 4 2 |3 Maps:  |u https://purl.fdlp.gov/GPO/LPS32692  |z Adobe Acrobat Reader required  |t 0 
999 |a MARS 
999 f f |i 4eaada92-1a59-37b5-9b60-6edf9df051fe  |s 9864679d-b4ed-3c2c-94a7-f23c55596a8f  |t 0 
952 f f |p normal  |a Texas A&M University  |b College Station  |c Sterling C. Evans Library  |d Evans: US Documents (Annex 5th floor)  |t 0  |e I 49.44/2:L 89/998  |h Superintendent of Documents classification  |i unmediated -- volume  |m A14824466615 
998 f f |a I 49.44/2:L 89/998  |t 0  |l Evans: US Documents (Annex 5th floor)